000 01036nam a2200265Ia 4500
003 OSt
005 20220923211455.0
006 a|||||r|||| 00| 0
007 ta
008 220922b |||||||| |||| 00| 0 hin d
020 _a9789350729366 (hbk)
_c175
024 _a288,092
037 _b310, 21/01/2016, Vani Prakashan
_cTextual
040 _aARTS
_cARTS
_bhin
041 _2hin
_ahin
082 _aO152,1N566x, Q5
100 _aयशवंत, लोकनाथ; वाल्मीकि, ओमप्रकाश, अनु.
_9160578
245 0 _aआखिर क्या हुआ ?
246 _aĀkhir kyā huā
260 _aनयी दिल्ली
_b वाणी प्रकाशन
_c2015
300 _a72पृ.
_ccm.
650 _aहिन्दी साहित्य
_9156264
942 _hO152,1N566x, Q5
_cTEXL
_2CC
999 _c299893
_d299893